MARC

LEADER 00000nam0a2200000 4500
001 15031
005 20231101205004.0
010 |a 5020036730 
035 |a (RuTPU)RU\TPU\book\15133 
035 |a BOOK00015203 
090 |a 15031 
100 |a 20011209d1998 k y0rusy50 ca 
101 0 |a rus 
102 |a RU 
105 |a y z 000zy 
200 1 |a Экспериментальное и теоретическое моделирование процессов минералообразования  |f Российская академия наук (РАН) ; Институт экспериментальной минералогии 
210 |a Москва  |c Наука  |d 1998 
215 |a 553 с. 
606 1 |a Минералы  |x Генезис  |x (минералогия)  |2 stltpush  |3 (RuTPU)RU\TPU\subj\43986  |9 63387 
610 1 |a минералы 
610 1 |a образование 
610 1 |a моделирование 
610 1 |a магматизм 
610 1 |a метасоматизм 
610 1 |a оруденение 
610 1 |a геохимия 
675 |a 549.01  |v 3 
712 0 2 |a Российская академия наук (РАН)  |b Институт экспериментальной минералогии (ИЭМ)  |c (Черноголовка)  |2 stltpush  |3 (RuTPU)RU\TPU\col\2401 
801 0 |a RU  |b 63413507  |c 20011209  |g PSBO 
801 2 |a RU  |b 63413507  |c 20220727  |g PSBO 
942 |c BK